000 01027nam a2200253Ia 4500
999 _c40417
_d40417
001 7025
003 GE_BSU
005 20231113114406.0
008 181216s2007||||ge |||||||||||||| || ||
020 _a978992802809
040 _cGE_BSU
041 _ageo
080 _a336(075.8) კ-17
100 _aკაკულია, რევაზ
_9751
245 _aფინანსური ეკონომიკა :
_bდამხმ.სახელმძღვ. /
_cრევაზ კაკულია ; რედ. ლელა ბახტაძე.
260 _a.
264 _aთბილისი :
_bვერჟეს სტ.,
_c2007.
300 _a284 გვ. ;
_c20 სმ.
504 _aბიბლიოგრაფია ტექსტების შენიშვნებსა და გვ. 280
541 _h20ლ.
653 _aფინანსური ეკონომიკა
700 _a ბახტაძე, ლელა
_eრედაქტორი
_920347
942 _cBK
_2udc